000 00268nam a2200109Ia 4500
008 200302s9999 xx 000 0 und d
100 _aSandra Buckingham
245 _aThe Complete Stenciling Handbook
260 _bFirefly Books Ltd.,
260 _c2002
300 _a288 P
999 _c4904
_d4904